000 00445nam a2200181Ia 4500
001 16858
005 20260306170342.0
008 260306t2018||||xx |||||||||||||| ||und||
041 _aESP
082 _a657.1
_bG69E
100 _aGiraldo Jara, Demetrio
_eAUT
245 0 _aNuevo plan contable general empresarial
260 _c2018
300 _axxv, 608 páginas :
_c17 cm.
650 _aGEN
654 _aCCO
942 _cLIB
_dJUS
_fJUS
_2ddc
_n
999 _c16858
_d16858